The X-Ray Crystallographic Study of Bonding Properties of Non-Linear Pseudohalides in 3rd-Elements Coordination Compounds and Their Possibilities for Nucleophilic Additions

Gespeichert in:
Bibliographische Detailangaben
1. Verfasser: Diaz, Jesús García (Verfasst von)
Format: Manuskript Buch
Sprache:Englisch
Veröffentlicht: Bratislava : STU v Bratislave ChtF, 1998
Ausgabe:Obháj.: 14.1.1999
Tags: Tag hinzufügen
Keine Tags, Fügen Sie das erste Tag hinzu!

MARC

LEADER 00000ntm a22000003a 4500
001 stu50583
005 20150617225705.9
008 990920s1998------------------------eng-d
040 |a STU  |b slo 
041 0 |a eng 
080 |a 541.49(043.3) 
100 1 |a Diaz, Jesús García  |4 aut 
245 1 |a The X-Ray Crystallographic Study of Bonding Properties of Non-Linear Pseudohalides in 3rd-Elements Coordination Compounds and Their Possibilities for Nucleophilic Additions 
250 |a Obháj.: 14.1.1999 
260 |a Bratislava :  |b STU v Bratislave ChtF,  |c 1998 
300 |a 75 s  |c prílohy 
500 |a Katedra anorganickej chémie 
996 |b 284C009620  |c C*KD398  |l CCI  |s A  |a 24  |w stu50583_0001